000 00829nas a2200289 4500
001 BR0204907
003 BR-BrBNA
005 20231205103254.0
007 ta
008 230509b bl.|||p| |||| 00| 00por d
040 _aBR-BrBNA
_bpor
_cBiblioteca Nacional de Agricultura
041 _a(Pt)
072 _aL02
100 1 _aFigueiredo, W.M.C. de
100 1 _aLima, J.A. de F.
100 1 _aAraújo, K.V.
100 1 _aFialho, E.T.
245 1 _aLisina para potros da raça Mangalarga Marchador
650 _aPOTRO
650 _aLISINA
650 _aCRESCIMENTO
650 _aGANHO DE PESO
650 _aEXIGÊNCIA NUTRICIONAL
773 0 _tCiência e Agrotecnologia (Brazil)
_xISSN 1413-7054
_g(May-Jun 2002), v. 26(3) p. 626-632
_wBR0204907
909 _a202311
_bLúcia
_c55
_dLúcia Elande
942 _2AGRIS
_n0
_cANA
999 _c172004
_d172004